Giáo trình trang bị điện - điện tử các máy công nghiệp
Nội dung sách giới thiệu trang bị điện-điện tử các máy nâng vận chuyển; trang bị điện-điện tử lò điện-trang bị điện-điện tử máy hàn điện; trang bị điện-điện tử các máy thủy khí
Сохранить в:
| Главный автор: | |
|---|---|
| Формат: | |
| Язык: | Undetermined |
| Опубликовано: |
Hà Nội
Giáo dục Việt Nam
2010
|
| Предметы: | |
| Метки: |
Добавить метку
Нет меток, Требуется 1-ая метка записи!
|
| Thư viện lưu trữ: | Trung tâm Học liệu Trường Đại học Cần Thơ |
|---|
| LEADER | 00932nam a2200205Ia 4500 | ||
|---|---|---|---|
| 001 | CTU_188040 | ||
| 008 | 210402s9999 xx 000 0 und d | ||
| 020 | |c 37000 | ||
| 082 | |a 621.31 | ||
| 082 | |b H452/T.1 | ||
| 100 | |a Vũ, Quang Hồi | ||
| 245 | 0 | |a Giáo trình trang bị điện - điện tử các máy công nghiệp | |
| 245 | 0 | |c Vũ Quang Hồi | |
| 260 | |a Hà Nội | ||
| 260 | |b Giáo dục Việt Nam | ||
| 260 | |c 2010 | ||
| 520 | |a Nội dung sách giới thiệu trang bị điện-điện tử các máy nâng vận chuyển; trang bị điện-điện tử lò điện-trang bị điện-điện tử máy hàn điện; trang bị điện-điện tử các máy thủy khí | ||
| 650 | |a Electric machinery industry,Máy công nghiệp điện | ||
| 904 | |i Tuyến | ||
| 980 | |a Trung tâm Học liệu Trường Đại học Cần Thơ | ||